[Event "43rd Guernsey Festival 2017"]
[Site "Vale"]
[Date "2017.10.18"]
[Round "4"]
[White "Hewson, Brian W R"]
[Black "Purdon, Colin"]
[Result "1/2-1/2"]
[WhiteElo "1995"]
[BlackElo "2047"]
[Annotator "NA RC"]
[PlyCount "50"]
[EventDate "2017.??.??"]
[EventType "swiss"]
[EventCountry "GCI"]
[SourceTitle "playchess.com"]
[Source "ChessBase"]
[SourceQuality "1"]
[TimeControl "40/6000+30:2400+30"]

{[%evp 8,50,27,15,32767,32767,32767,32767,28,17,30,14,7,14,16,47,53,0,0,-44,-29,-68,32767,-66,32767,-43,32767,32767,-16,32767,32767,32767,-52,32767,-44,-68,32767,32767,32767,32767,0,-6,-8,32767,0]} 1. d4 {[%emt 0:00:00]} d5 {[%emt 0:00:08]} 2. Nf3 {[%emt 0:00:00]} Nf6 {[%emt 0:00:15]} 3. c4 {[%emt 0:00:00]} c6 {[%emt 0:00:11]} 4. e3 {[%emt 0:03:35]} Bf5 {[%emt 0:00:48]} 5. Nc3 {[%emt 0:01:46]} e6 {[%emt 0:04:24]} 6. Nh4 Be4 7. f3 {[%emt 0:13:02]} Bg6 {[%emt 0:01:03] D12: Slav Defence: 3 Nf3 Nf6 4 e3 Bf5} 8. Nxg6 {[%emt 0:01:23]} (8. Qb3 Qc7 9. Bd2 a6 10. Rc1 dxc4 11. Bxc4 Nbd7 12. a4 Be7 13. g3 Bh5 14. O-O O-O 15. Ng2 Rad8 16. Nf4 Kh8 {½-½ (34) So,W (2822)-Caruana,F (2817) chess.com INT 2017}) 8... hxg6 {[%emt 0:00:11]} 9. Qb3 {[%emt 0:00:08]} Qc7 {[%emt 0:02:37]} 10. Bd2 {[%emt 0:05:12] LiveBook: 28 Partien} Nbd7 {[%emt 0:01:12]} 11. cxd5 {[%emt 0:02:05]} exd5 {[%emt 0:01:52]} 12. Rc1 $146 {[%emt 0:09:16]} ({Predecessor:} 12. O-O-O O-O-O 13. h3 Kb8 14. Kb1 Nb6 15. Bd3 {1-0 (51) Socko,B (2631)-Grigoriants,S (2589) Khanty-Mansiysk 2012}) 12... Nb6 {[%emt 0:16:24]} 13. f4 {[%emt 0:11:35]} a5 {[%emt 0:19:38]} 14. a4 {[%emt 0:00:08]} Bb4 {[%emt 0:21:57]} 15. Bd3 {[%emt 0:00:58]} O-O {[%emt 0:07:18]} 16. O-O {[%emt 0:04:30]} Qe7 {[%emt 0:02:03]} 17. Rf3 {[%emt 0:10:16]} Nc8 {[%emt 0:00:38]} 18. Nb1 {[%emt 0:00:05]} Bxd2 {[%emt 0:01:34]} 19. Nxd2 {[%emt 0:04:17]} Nd6 {[%emt 0:02:04]} 20. h3 {[%emt 0:00:47]} Rfe8 {[%emt 0:03:50]} 21. Qc2 {[%emt 0:11:42]} Nde4 {[%emt 0:08:34]} 22. Bxe4 {[%emt 0:01:45]} Nxe4 {[%emt 0:00:36]} 23. Nxe4 {[%emt 0:00:10]} Qxe4 $11 {[%emt 0:00:18]} 24. Qxe4 {[%emt 0:01:26]} Rxe4 {[%emt 0:00:10]} 25. Rc3 {[%emt 0:00:27]} Rae8 {[%emt 0:01:34]} 1/2-1/2

[Event "43rd Guernsey Festival 2017"]
[Site "Vale"]
[Date "2017.10.18"]
[Round "4"]
[White "De Kruif, Kees"]
[Black "Bowmer, Kevin"]
[Result "0-1"]
[WhiteElo "1993"]
[BlackElo "2041"]
[Annotator "NA RC"]
[PlyCount "80"]
[EventDate "2017.??.??"]
[EventType "swiss"]
[EventCountry "GCI"]
[SourceTitle "playchess.com"]
[Source "ChessBase"]
[SourceQuality "1"]
[TimeControl "40/6000+30:2400+30"]

{[%evp 8,80,12,7,-16,-20,19,-12,-5,0,17,0,-5,-8,-8,-20,-9,-13,-40,-52,-14,-25,-17,-41,-18,-8,62,43,43,52,61,40,65,61,59,9,32,-9,-2,0,0,-4,0,0,50,0,0,-8,8,0,37,-145,-157,-149,-143,-165,-149,-303,-328,-377,-308,-747,-735,-727,-886,-1162,-1280,-1691,-2279,-5029,-6299,-29991,-29992,-29993,-29992]} 1. c4 g6 2. g3 {[%emt 0:01:03]} Bg7 {[%emt 0:00:44]} 3. Bg2 {[%emt 0:00:09]} c5 {[%emt 0:00:25]} 4. d3 {[%emt 0:01:08]} Nc6 {[%emt 0:00:38]} 5. e4 {[%emt 0:00:41]} d6 {[%emt 0:00:39]} 6. Ne2 {[%emt 0:00:56]} Nf6 {[%emt 0:00:19]} 7. O-O {[%emt 0:00:36]} O-O {[%emt 0:00:22]} 8. Nbc3 {[%emt 0:00:34]} a6 {[%emt 0:01:09]} 9. f4 {[%emt 0:03:55]} Rb8 {[%emt 0:01:48]} 10. a4 {[%emt 0:00:23]} Bd7 {[%emt 0:01:55]} 11. h3 {[%emt 0:07:14]} Ne8 {[%emt 0:01:39]} 12. f5 {[%emt 0:00:56] LiveBook: 3 Games A36: Symmetrical English vs ...g6: 4 Bg2 Bg7} (12. Be3 Nd4 13. Rb1 b5 14. axb5 axb5 15. cxb5 Bxb5 16. g4 Nc7 17. Ng3 e6 18. f5 Qh4 19. Bf2 Qg5 20. h4 Qd8 {1-0 (41) Kramnik,V (2791)-Radjabov,T (2744) Moscow 2010}) 12... Nc7 {[%emt 0:03:12]} 13. Rb1 {[%emt 0:13:33]} b5 {[%emt 0:11:24]} 14. Bg5 {[%emt 0:05:24]} h6 {[%emt 0:12:04]} 15. Bd2 $146 {[%emt 0:02:14]} ({Predecessor:} 15. Be3 bxc4 16. dxc4 Ne5 17. b3 Kh7 18. Qd2 Qc8 19. Nf4 g5 {1-0 (33) Spencer,C (1855)-Somerfield,A (1825) Telford 2004}) 15... bxa4 {[%emt 0:16:16]} 16. Nxa4 {[%emt 0:00:48]} Nd4 {[%emt 0:02:47]} (16... e6 $11) 17. Nxd4 {[%emt 0:02:03]} Bxd4+ {[%emt 0:03:16]} 18. Kh2 {[%emt 0:00:15]} Kh7 {[%emt 0:02:48]} 19. Nc3 {[%emt 0:04:41]} e6 {[%emt 0:05:26]} 20. fxg6+ {[%emt 0:10:53]} fxg6 {[%emt 0:00:13]} 21. Qc2 {[%emt 0:03:09]} (21. Ne2 $14) 21... Qe7 {[%emt 0:01:52]} 22. Rf3 {[%emt 0:01:31]} (22. Rxf8 $14 Qxf8 23. Ne2) 22... Rxf3 {[%emt 0:00:54]} 23. Bxf3 {[%emt 0:00:06]} Rf8 {[%emt 0:00:49]} 24. Rf1 {[%emt 0:00:18]} Be5 {[%emt 0:01:25]} 25. Ne2 {[%emt 0:03:52]} Qg7 {[%emt 0:01:10]} 26. Bc3 {[%emt 0:01:06]} ({White should play} 26. b4 $14) 26... h5 {[%emt 0:00:41]} 27. Kg2 {[%emt 0:03:25]} Rb8 {[%emt 0:01:54]} 28. Rf2 {[%emt 0:02:10]} a5 {[%emt 0:00:51]} 29. d4 $2 {[%emt 0:02:52]} (29. Bxe5 $14 Qxe5 30. Qc3) 29... cxd4 {[%emt 0:01:46]} 30. Bxa5 {[%emt 0:00:17] [#]} Na6 $1 {[%emt 0:00:26]} 31. Qd2 {[%emt 0:04:14] [#]} d3 $1 {[%emt 0:03:42]} 32. Qxd3 {[%emt 0:05:41]} (32. Nf4 $17 {was necessary.} Rxb2 33. Qxd3 $17) 32... Nc5 {[%emt 0:01:10]} 33. Qd1 {[%emt 0:02:33]} Rxb2 {[%emt 0:01:48]} 34. Bc7 $2 {[%emt 0:09:19]} (34. Nc1 Ba4 35. Qe1) 34... Ba4 {[%emt 0:00:58]} 35. Qf1 {[%emt 0:00:59]} Nd3 {[%emt 0:01:45]} 36. Bxd6 {[%emt 0:02:24]} Bxd6 {[%emt 0:01:48]} 37. Qa1 {[%emt 0:02:48]} Nxf2 {[%emt 0:02:47]} 38. Qxa4 {[%emt 0:00:08]} Nd3 {[%emt 0:00:39]} 39. Qc6 {[%emt 0:00:33]} Qe5 {[%emt 0:04:50]} 40. Qb7+ {[%emt 0:00:07]} Kh6 {[%emt 0:40:08]} 0-1

[Event "43rd Guernsey Festival 2017"]
[Site "Vale"]
[Date "2017.10.18"]
[Round "4"]
[White "Hoogakker, Peter"]
[Black "Finch, Russell"]
[Result "1/2-1/2"]
[WhiteElo "1769"]
[BlackElo "1689"]
[Annotator "NA RC"]
[PlyCount "49"]
[EventDate "2017.??.??"]
[EventType "swiss"]
[EventCountry "GCI"]
[SourceTitle "playchess.com"]
[Source "ChessBase"]
[SourceQuality "1"]
[TimeControl "40/6000+30:2400+30"]

1. e4 {[%emt 0:00:00]} c5 {[%emt 0:00:13]} 2. Nf3 {[%emt 0:00:00]} d6 {[%emt 0:00:10]} 3. c3 {[%emt 0:00:00]} Nf6 {[%emt 0:00:08]} 4. Be2 {[%emt 0:00:07]} Nc6 {[%emt 0:00:39]} 5. d4 {[%emt 0:00:14]} g6 {[%emt 0:02:18]} 6. Nbd2 {[%emt 0:06:05]} Bg7 {[%emt 0:00:31]} 7. O-O {[%emt 0:00:39]} O-O {[%emt 0:01:25]} 8. Re1 {[%emt 0:03:34]} Qc7 {[%emt 0:04:31]} 9. a3 {[%emt 0:05:31]} b6 {[%emt 0:03:35]} 10. Bc4 {[%emt 0:04:41]} Bb7 {[%emt 0:04:30]} 11. d5 {[%emt 0:05:53]} Nb8 {[%emt 0:04:29]} 12. Nf1 {[%emt 0:05:01]} Nbd7 {[%emt 0:04:10]} 13. Ng3 {[%emt 0:01:15]} Ne5 {[%emt 0:06:50]} 14. Nxe5 {[%emt 0:01:59]} dxe5 {[%emt 0:00:10]} 15. Be3 {[%emt 0:08:01]} Rfd8 {[%emt 0:03:29]} 16. Qc1 {[%emt 0:07:40]} Ne8 {[%emt 0:08:05]} 17. f4 {[%emt 0:06:22]} exf4 {[%emt 0:03:43]} 18. Bxf4 {[%emt 0:00:13]} Be5 {[%emt 0:00:23]} 19. Bxe5 {[%emt 0:00:27]} Qxe5 {[%emt 0:00:07]} 20. Bd3 {[%emt 0:03:50]} Nf6 {[%emt 0:08:19]} 21. c4 {[%emt 0:04:43]} Ng4 {[%emt 0:04:08]} 22. Qc3 {[%emt 0:06:24]} Qxc3 {[%emt 0:08:17]} 23. bxc3 {[%emt 0:00:10]} Ne5 {[%emt 0:00:41]} 24. Rad1 {[%emt 0:02:42]} Ba6 {[%emt 0:01:49]} 25. Nf1 {[%emt 0:08:27]} 1/2-1/2

[Event "43rd Guernsey Festival 2017"]
[Site "Vale"]
[Date "2017.10.18"]
[Round "4"]
[White "Glover, John"]
[Black "Colsen, Manuel"]
[Result "1/2-1/2"]
[WhiteElo "1765"]
[BlackElo "1665"]
[Annotator "NA RC"]
[PlyCount "102"]
[EventDate "2017.??.??"]
[EventType "swiss"]
[EventCountry "GCI"]
[SourceTitle "playchess.com"]
[Source "ChessBase"]
[SourceQuality "1"]
[TimeControl "40/6000+30:2400+30"]

1. Nf3 {[%emt 0:00:00]} Nf6 {[%emt 0:00:21]} 2. c4 {[%emt 0:00:02]} c5 {[%emt 0:00:17]} 3. g3 {[%emt 0:00:14]} g6 {[%emt 0:00:14]} 4. Bg2 {[%emt 0:00:13]} Bg7 {[%emt 0:00:17]} 5. Nc3 {[%emt 0:00:12]} Nc6 {[%emt 0:00:15]} 6. d4 {[%emt 0:00:14]} cxd4 {[%emt 0:02:40]} 7. Nxd4 {[%emt 0:00:10]} Nxd4 {[%emt 0:00:38]} 8. Qxd4 {[%emt 0:00:10]} O-O {[%emt 0:00:50]} 9. O-O {[%emt 0:00:11]} Nh5 {[%emt 0:10:28]} 10. Qd3 {[%emt 0:02:37]} d6 {[%emt 0:04:12]} 11. Be3 {[%emt 0:04:05]} Bf5 {[%emt 0:08:27]} 12. Qd2 {[%emt 0:01:33]} Qd7 {[%emt 0:07:53]} 13. Rfd1 {[%emt 0:01:32]} Nf6 {[%emt 0:07:59]} 14. Bh6 {[%emt 0:03:56]} Bh3 {[%emt 0:02:54]} 15. Bxg7 {[%emt 0:01:43]} Kxg7 {[%emt 0:00:18]} 16. Bh1 {[%emt 0:01:39]} h5 {[%emt 0:04:13]} 17. Rac1 {[%emt 0:02:27]} h4 {[%emt 0:06:03]} 18. Qd4 {[%emt 0:11:40]} hxg3 {[%emt 0:01:42]} 19. fxg3 {[%emt 0:00:41]} Qg4 {[%emt 0:18:27]} 20. Bf3 {[%emt 0:04:20]} Qg5 {[%emt 0:06:55]} 21. Ne4 {[%emt 0:02:08]} Qe5 {[%emt 0:02:42]} 22. Nxf6 {[%emt 0:02:56]} Qxf6 {[%emt 0:03:48]} 23. b3 {[%emt 0:00:47]} Qxd4+ {[%emt 0:07:32]} 24. Rxd4 {[%emt 0:00:14]} Rab8 {[%emt 0:01:15]} 25. e4 {[%emt 0:05:03]} f5 {[%emt 0:02:07]} 26. exf5 {[%emt 0:10:39]} Rxf5 {[%emt 0:01:06]} 27. Bg2 {[%emt 0:00:57]} Bxg2 {[%emt 0:00:28]} 28. Kxg2 {[%emt 0:00:04]} Rbf8 {[%emt 0:00:14]} 29. Rc2 {[%emt 0:02:00]} R8f6 {[%emt 0:05:42]} 30. Re2 {[%emt 0:01:19]} Kf7 {[%emt 0:00:58]} 31. Red2 {[%emt 0:02:30]} b6 {[%emt 0:00:16]} 32. b4 {[%emt 0:01:35]} Rf1 {[%emt 0:00:57]} 33. Rc2 {[%emt 0:06:51]} Rb1 {[%emt 0:01:44]} 34. c5 {[%emt 0:01:05]} bxc5 {[%emt 0:00:12]} 35. bxc5 {[%emt 0:00:15]} dxc5 {[%emt 0:00:21]} 36. Rd7 {[%emt 0:00:42]} a5 {[%emt 0:02:16]} 37. Ra7 {[%emt 0:00:17]} Rfb6 {[%emt 0:00:44]} 38. Rxa5 {[%emt 0:00:32]} R1b2 {[%emt 0:01:14]} 39. Raxc5 {[%emt 0:00:21]} R2b4 {[%emt 0:00:40]} 40. R5c3 {[%emt 0:02:32]} Ra4 {[%emt 0:40:37]} 41. a3 {[%emt 0:43:48]} Rb1 {[%emt 0:00:00]} 42. Rf2+ {[%emt 0:00:00]} Kg7 {[%emt 0:00:00]} 43. Re3 {[%emt 0:00:00]} e5 {[%emt 0:00:00]} 44. h4 e4 {[%emt 0:00:00]} 45. Kh3 {[%emt 0:00:00]} Ra1 {[%emt 0:00:00]} 46. Rfe2 {[%emt 0:00:00]} R1xa3 {[%emt 0:00:00]} 47. Rxa3 {[%emt 0:00:00]} Rxa3 {[%emt 0:00:00]} 48. Rxe4 Rf3 49. Kg4 {[%emt 0:00:00]} Rd3 {[%emt 0:00:00]} 50. Kf4 Kh6 {[%emt 0:00:00]} 51. g4 {[%emt 0:00:00]} Rh3 {[%emt 0:00:00]} 1/2-1/2

[Event "43rd Guernsey Festival 2017"]
[Site "Vale"]
[Date "2017.10.18"]
[Round "4"]
[White "Kirk, Matthew"]
[Black "O`connell, Denis"]
[Result "1/2-1/2"]
[WhiteElo "1721"]
[BlackElo "1722"]
[Annotator "NA RC"]
[PlyCount "122"]
[EventDate "2017.??.??"]
[EventType "swiss"]
[EventCountry "GCI"]
[SourceTitle "playchess.com"]
[Source "ChessBase"]
[SourceQuality "1"]
[TimeControl "40/6000+30:2400+30"]

1. d4 d5 2. c4 e5 3. dxe5 d4 4. Nf3 Nc6 5. a3 Nge7 6. e3 Bg4 7. Be2 dxe3 8. Bxe3 Qxd1+ 9. Bxd1 Bxf3 10. Bxf3 Nxe5 11. Be2 Nf5 12. Bf4 f6 13. Bxe5 fxe5 14. Nc3 Nd4 15. Bd1 O-O-O 16. O-O Kb8 17. Re1 Bd6 18. b4 c6 19. c5 Bc7 20. Ne4 h6 21. a4 Rhf8 22. Re3 Rf4 23. Rb1 Nf5 24. Re1 Nd4 25. b5 Ba5 26. g3 Bxe1 27. gxf4 exf4 28. bxc6 Nxc6 29. Nd6 b6 30. Bf3 Nd4 31. Be4 Ba5 32. Nc4 Kc7 33. Nxa5 bxa5 34. Rb7+ Kc8 35. Rxa7 Ne2+ 36. Kg2 Nc3 37. Bf5+ Kb8 38. Rxa5 Rd5 39. Bg4 g5 40. Bf3 Re5 41. Ra8+ Kc7 42. c6 Ne4 43. a5 Kxc6 44. a6 Kb6 45. Be2 Ra5 46. Re8 Nc5 47. Rh8 Nxa6 48. Bxa6 Kxa6 49. Rxh6+ Kb7 50. Rg6 Kc7 51. Kf3 Kd7 52. Kg4 Ra2 53. Rxg5 Rxf2 54. h4 Ke7 55. h5 Rg2+ 56. Kxf4 Rxg5 57. Kxg5 Kf7 58. Kh6 Kg8 59. Kg6 Kh8 60. h6 Kg8 61. h7+ Kh8 1/2-1/2

[Event "43rd Guernsey Festival 2017"]
[Site "Vale"]
[Date "2017.10.19"]
[Round "5"]
[White "Le Roux, Jean-Pierre"]
[Black "Hillarp Persson, Tiger"]
[Result "1/2-1/2"]
[WhiteElo "2554"]
[BlackElo "2517"]
[Annotator "TA"]
[PlyCount "30"]
[EventDate "2017.??.??"]
[EventType "swiss"]
[EventCountry "GCI"]
[SourceTitle "playchess.com"]
[Source "ChessBase"]
[SourceQuality "1"]

{[%evp 10,16,34,14,1,-12,13,0,8]} 1. Nf3 g6 2. d4 Bg7 3. e4 d6 4. Bc4 Nf6 5. Qe2 O-O 6. h3 c5 {The position is equal. B06: Modern Defence} (6... Nc6 7. O-O e5 8. dxe5 Nxe5 9. Nxe5 dxe5 10. Rd1 Qe7 11. Nc3 c6 12. a4 Nh5 13. b3 Nf4 14. Qf3 {1-0 (40) Vachier Lagrave,M (2710)-Gashimov,V (2757) Beijing 2011}) 7. e5 Ne8 8. dxc5 dxe5 {Predecessor:} 9. O-O $146 Nc6 10. c3 Qc7 11. Re1 h6 12. Na3 Kh7 13. Bb5 Be6 14. Bxc6 Qxc6 15. Nxe5 Qxc5 {½-½ (45) Feher,A (2377)-Ten Hertog,H (2460) Amsterdam 2017} 1/2-1/2

[Event "43rd Guernsey Festival 2017"]
[Site "Vale"]
[Date "2017.10.19"]
[Round "5"]
[White "Enkhtuul, Altan-Ulzii"]
[Black "Timmermans, Ivo"]
[Result "*"]
[WhiteElo "2327"]
[BlackElo "2126"]
[Annotator "TA"]
[PlyCount "29"]
[EventDate "2017.??.??"]
[EventType "swiss"]
[EventCountry "GCI"]
[SourceTitle "playchess.com"]
[Source "ChessBase"]
[SourceQuality "1"]

{[%evp 12,19,-5,-13,-21,-35,-33,-46,-37,-38]} 1. d4 Nf6 2. Nf3 d5 3. g3 e6 {[%cal Be7e6,Be6e5][%mdl 32]} 4. Bg2 Be7 5. O-O O-O 6. Nbd2 c5 7. c4 cxd4 {E06: Closed Catalan: Early deviations} (7... Nc6 8. cxd5 exd5 9. dxc5 Bxc5 10. Nb3 Bb6 11. Nbd4 Re8 12. b3 Bg4 13. Bb2 Ne4 14. Rc1 Rc8 15. Rc2 Qd6 16. a3 h5 17. b4 h4 18. Nxc6 Rxc6 19. Nd4 Rxc2 20. Qxc2 hxg3 21. hxg3 Nxg3 22. fxg3 Rxe2 {½-½ (29) Rakhmanov,A (2670)-Shimanov,A (2623) Sochi 2017}) 8. Nxd4 e5 9. N4f3 Nc6 10. cxd5 {Predecessor:} Nxd5 $146 11. Nc4 e4 12. Nd4 Nxd4 13. Qxd4 Nf6 14. Be3 Qxd4 15. Bxd4 {1-0 (31) Wichmann,C (2350)-Schildt,R (2034) Guben 2012} *

[Event "43rd Guernsey Festival 2017"]
[Site "Vale"]
[Date "2017.10.19"]
[Round "5"]
[White "Enkhtuul, Altan-Ulzii"]
[Black "Timmermans, Ivo"]
[Result "1-0"]
[WhiteElo "2327"]
[BlackElo "2126"]
[Annotator "ChessBase"]
[PlyCount "75"]
[EventDate "2017.??.??"]
[EventType "swiss"]
[EventCountry "GCI"]
[SourceTitle "playchess.com"]
[Source "ChessBase"]
[SourceQuality "1"]
[TimeControl "40/6000+30:2400+30"]

1. d4 {[%emt 0:01:23]} Nf6 {[%emt 0:00:19]} 2. Nf3 {[%emt 0:00:22]} d5 {[%emt 0:00:12]} 3. g3 {[%emt 0:00:19]} e6 {[%emt 0:00:18]} 4. Bg2 {[%emt 0:00:05]} Be7 {[%emt 0:00:14]} 5. O-O {[%emt 0:00:09]} O-O {[%emt 0:00:10]} 6. Nbd2 {[%emt 0:01:05]} c5 {[%emt 0:01:58]} 7. c4 {[%emt 0:00:13]} cxd4 {[%emt 0:01:50]} 8. Nxd4 {[%emt 0:01:41]} e5 {[%emt 0:01:46]} 9. N4f3 {[%emt 0:01:47]} Nc6 {[%emt 0:02:57]} 10. cxd5 {[%emt 0:02:51]} Nxd5 {[%emt 0:05:43]} 11. Nc4 {[%emt 0:00:50]} f6 {[%emt 0:06:58]} 12. Nfxe5 {[%emt 0:00:33]} Be6 {[%emt 0:01:10]} 13. Nxc6 {[%emt 0:02:32]} bxc6 {[%emt 0:00:09]} 14. Qa4 {[%emt 0:00:30]} Qc7 {[%emt 0:07:37]} 15. Na5 {[%emt 0:04:30]} Rac8 {[%emt 0:03:55]} 16. Bd2 {[%emt 0:04:03]} Rfd8 {[%emt 0:03:23]} 17. Rac1 {[%emt 0:05:56]} c5 {[%emt 0:03:29]} 18. Qc2 {[%emt 0:03:55]} Qe5 {[%emt 0:06:22]} 19. Nc4 {[%emt 0:04:26]} Qh5 {[%emt 0:00:59]} 20. Ba5 {[%emt 0:03:19]} Re8 {[%emt 0:03:04]} 21. a3 {[%emt 0:00:20]} Nc7 {[%emt 0:03:40]} 22. Bc6 {[%emt 0:05:49]} Bf5 {[%emt 0:03:24]} 23. Qb3 {[%emt 0:04:47]} Ne6 {[%emt 0:01:46]} 24. Bxe8 {[%emt 0:03:23]} Rxe8 {[%emt 0:00:39]} 25. Ne3 {[%emt 0:00:44]} Bh3 {[%emt 0:01:09]} 26. Rfe1 {[%emt 0:08:23]} Kh8 {[%emt 0:03:51]} 27. Qd5 {[%emt 0:03:57]} Ng5 {[%emt 0:00:26]} 28. f4 {[%emt 0:05:55]} Be6 {[%emt 0:00:58]} 29. Qc6 {[%emt 0:01:12]} Nh3+ {[%emt 0:03:37]} 30. Kg2 {[%emt 0:02:27]} Bf8 {[%emt 0:06:24]} 31. Qf3 {[%emt 0:05:45]} Qh6 {[%emt 0:01:15]} 32. b4 {[%emt 0:01:35]} Bd6 {[%emt 0:04:39]} 33. bxc5 {[%emt 0:04:06]} Bxf4 {[%emt 0:01:39]} 34. gxf4 {[%emt 0:02:19]} Nxf4+ {[%emt 0:00:26]} 35. Kh1 {[%emt 0:00:10]} g5 {[%emt 0:03:39]} 36. c6 {[%emt 0:01:52]} g4 {[%emt 0:01:29]} 37. Nxg4 Qg5 {[%emt 0:01:59]} 38. Nxf6 {[%emt 0:05:45]} 1-0

[Event "43rd Guernsey Festival 2017"]
[Site "Vale"]
[Date "2017.10.19"]
[Round "5"]
[White "Jackson, Oliver A"]
[Black "Johnsen, Gunnar"]
[Result "1/2-1/2"]
[WhiteElo "2168"]
[BlackElo "2178"]
[Annotator "TA"]
[PlyCount "65"]
[EventDate "2017.??.??"]
[EventType "swiss"]
[EventCountry "GCI"]
[SourceTitle "playchess.com"]
[Source "ChessBase"]
[SourceQuality "1"]

{[%evp 23,65,-7,0,-13,0,-54,-54,-54,-56,-60,-50,-60,-23,-16,-18,-27,-16,-37,-12,-35,-27,-53,-35,-113,-65,-75,-77,-187,-187,-187,-187,-179,-179,-185,-168,-173,-167,-185,-155,-191,-159,-157,-136,-134]} 1. e4 e6 2. d4 d5 3. Nc3 Bb4 4. e5 Ne7 5. a3 Bxc3+ 6. bxc3 c5 7. Nf3 Bd7 8. a4 Qa5 9. Bd2 Nbc6 10. Bb5 a6 11. Bxc6 Bxc6 {C19: French: 3 Nc3 Bb4: Main line: 7 Nf3 and 7 a4} 12. O-O h6 {LiveBook: 4 Games} 13. Re1 c4 {[#] The position is equal.} 14. Bc1 $146 ({White should play} 14. Qb1 $1 $11) 14... Bxa4 $15 15. Ba3 {next Bb4 is good for White.} b5 16. Qd2 Nc6 17. Re3 O-O-O {[%cal Ba8d8,Bd8d7,Bd7b7][%mdl 32]} 18. Qc1 Rd7 19. Nd2 $1 Qd8 20. Bc5 Rb7 21. Qb2 Qd7 22. Bd6 f5 23. Nb3 (23. Ree1 $15) 23... Bxb3 24. cxb3 {[#]} a5 $1 {[%cal Ba6a5,Ba5a4][%mdl 32]} 25. Qa3 (25. Ra3 $17) 25... cxb3 $19 {Black is clearly better.} 26. Qxb3 a4 27. Qa3 {[#]} Na5 $1 28. Ree1 Qc6 29. Qb4 Nc4 30. Bc5 Kd7 31. h4 Ra8 32. Ra2 Ke8 33. Qb1 {Precision: White = 34%, Black = 67%.} 1/2-1/2